000
00292nam a22001337a 4500
008
190222b xxu||||| |||| 00| 0 eng d
020
_a
9780073382616
041
_a
eng
080
_2
12th
_a
159.9
100
_a
50
101
_a
PSI
245
_a
Adolescence
_c
Santrock, J.W
942
_2
udc
_c
BK
999
_c
54124
_d
54124